Introduction to the History of the Muslim East (Record no. 2864)

MARC details
000 -LEADER
fixed length control field 00669nam a2200253 a 4500
020 ## - INTERNATIONAL STANDARD BOOK NUMBER
ISBN
082 00 - DEWEY DECIMAL CLASSIFICATION NUMBER
Classification number 297.016
Author Cutter SAU
100 ## - MAIN ENTRY--AUTHOR NAME
Author name Sauvaget, Jean
245 ## - TITLE STATEMENT
Title Introduction to the History of the Muslim East
Sub title Bibliographical Guide
260 ## - PUBLICATION, DISTRIBUTION, ETC. (IMPRINT)
Place of publication California
Name of publisher Uniersity of California Press
Year of publication 1965
300 ## - PHYSICAL DESCRIPTION
Number of Pages 252p.
500 ## - GENERAL NOTE
General note includes index and biblioraphy
505 2# - FORMATTED CONTENTS NOTE
Formatted contents note Index, Ill.
650 ## - SUBJECT ADDED ENTRY--TOPICAL TERM
Topical Term Islam-History
650 ## - SUBJECT ADDED ENTRY--TOPICAL TERM
Topical Term Islam-Bibliography
650 ## - SUBJECT ADDED ENTRY--TOPICAL TERM
Topical Term Bibliography
942 ## - ADDED ENTRY ELEMENTS (KOHA)
Koha item type Books
Holdings
Collection code Home library Current library Date acquired Cost, normal purchase price Full call number Accession Number Koha item type
  Henry Martyn Institute Library Henry Martyn Institute Library 10/27/2010 100.00 297.016 SAU 03308 Books
                   Copyright © 2026 | Henry Martyn Institute | Hyderabad | TS-500052 | INDIA | Implemented by hmi.edu.in
Hit-Count:

Powered by Koha